Quick Pick: Popular Halloween Candy by Decade Quiz Stats

 Plays Quiz Updated Oct 31, 2017

Score 0/10 Timer 01:00
1 Play Today
% Correct
Baby Ruth
63.4%
Reese’s Peanut Butter Cups
40.7%
M&M's
40.2%
3 Musketeers
34.4%
Atomic Fireballs
30.9%
Nerds Rope
28.3%
Laffy Taffy
24%
Skittles
23.7%
SweeTARTS
21.8%
AirHeads
21.6%

Today's Daily Dose

Missing Word
Arizona A-Z

Word Ladder
Greek Letters II

Get the Picture
US National Parks

You're not logged in!

Compare scores with friends on all Sporcle quizzes.
OR
Log In

You Might Also Like...

Show Comments

Extras

Top Quizzes Today


Score Distribution

Your Account Isn't Verified!

In order to create a playlist on Sporcle, you need to verify the email address you used during registration. Go to your Sporcle Settings to finish the process.

Report this User

Report this user for behavior that violates our Community Guidelines.

Details: